Patrick Mahomes Touchdown Recipients - Statistics

General Stats
  • This quiz has been taken 77 times
    65 since last reset
  • The average score is 18 of 35
Answer Stats
# of Touchdowns Position Player % Correct
59 TE Travis Kelce
100%
41 WR Tyreek Hill
100%
6 WR JuJu Smith-Schuster
87%
7 WR Xavier Worthy
87%
3 RB Isiah Pacheco
85%
13 WR Rashee Rice
85%
8 RB Kareem Hunt
83%
15 WR Mecole Hardman
79%
9 TE Noah Gray
77%
5 WR Hollywood Brown
72%
4 RB Damien Williams
62%
4 RB Darrel Williams
62%
8 WR Sammy Watkins
62%
7 RB Clyde Edwards-Helaire
57%
2 TE Blake Bell
55%
14 RB Jerick McKinnon
49%
3 WR Tyquan Thornton
49%
14 WR DeMarcus Robinson
47%
3 WR Marquez Valdes-Scantling
47%
1 WR Skyy Moore
45%
4 WR DeAndre Hopkins
43%
3 WR Kadarius Toney
40%
2 FB Anthony Sherman
36%
6 WR Byron Pringle
36%
1 OT Eric Fisher
34%
7 WR Justin Watson
32%
4 TE Jody Fortson
30%
1 OT Wanya Morris
30%
5 WR Chris Conley
28%
1 RB LeSean McCoy
28%
3 TE Demetrius Harris
26%
1 WR Josh Gordon
23%
1 WR De'Anthony Thomas
21%
1 RB Samaje Perine
21%
1 RB Charcandrick West
19%
No matching quizzes found
Score Distribution
Percent of People with Each Score
Percentile by Number Answered
Your Score History
You have not taken this quiz since the last reset